| 000 | 00654nam a2200229 a 4500 | ||
|---|---|---|---|
| 001 | BRCA_3671 | ||
| 005 | 20190320204357.0 | ||
| 008 | 010909s1960----gw-a---###---#000-0#ger-# | ||
| 041 | _ager | ||
| 044 | _agw | ||
| 050 | 4 |
_aNK2270 _b.R48 2 _c1960 |
|
| 100 | 1 |
_aRettelbusch, Ernst _99530 |
|
| 245 | 1 | 0 |
_aStilhandbuch _bOrnamentik, Möbel, Innenausbau von den ältesten Zeiten bis zum Biedermeier _cErnst Rettelbusch. |
| 250 | _a6 | ||
| 260 |
_aAlemania _bJulius Hoffmann _cc1960 |
||
| 300 |
_axvi, 254 p. _bil. _c35 cm. |
||
| 500 | _aB325 | ||
| 650 | 1 | 4 |
_aMuebles _96141 |
| 650 | 1 | 4 |
_aDecoración y ornamentación _93592 |
| 902 | _aGFM | ||
| 942 |
_2lcc _cB |
||
| 999 |
_c3403 _d3403 |
||